000 00768nam a2200241Ia 4500
003 OSt
005 20220926022408.0
006 a|||||r|||| 00| 0
007 ta
008 220923b |||||||| |||| 00| 0 eng d
037 _cGeneral Book
040 _aRTL
_cRTL
_beng
041 _2eng
_aeng
082 _aV1N45,936:8.N48, J2
110 _aUnited Nations Economic and social council official records 6 seesion
_9327733
245 0 _aSummary records of meetings
260 _aNew York
_bUnited Nations U S A
_c1952
300 _axlix,492p.
_ccm.
650 _aHistory
700 _aUnited Nations Economic and social council official records 6 seesion
_9327734
942 _hV1N45,936:8.N48, J2
_cGB
_2CC
999 _c639343
_d639343